Statistics for NFL Teams all time reception leaders

Click here to take the quiz!

General Stats

  • This quiz has been taken 30 times
  • The average score is 22 of 32

Answer Stats

TeamReceptionsAnswer% Correct
SFF1,281Jerry Rice
96%
ARI1,432Larry Fitzgerald
93%
HOU1,012Andre Johnson
89%
DET731Calvin Johnson
89%
CIN751Chad Johnson
89%
JAX862Jimmy Smith
89%
ATL848Julio Jones
89%
IND1,102Marvin Harrison
89%
DEN849Rod Smith
89%
CAR836Steve Smith Sr.
89%
LVR1,070Tim Brown
89%
MIN1,004Cris Carter
85%
TBB606Mike Evans
85%
LAC955Antonio Gates
81%
SEA819Steve Largent
81%
BUF941Andre Reed
78%
PIT1,000Hines Ward
78%
LAR942Isaac Bruce
78%
NEP672Wes Welker
78%
KAN916Tony Gonzalez
70%
GBP743Donald Driver
67%
DAL1,215Jason Witten
67%
NOS711Marques Colston
63%
WAS888Art Monk
52%
MIA550Mark Clayton
44%
BAL471Derrick Mason
41%
NYG668Amani Toomer
33%
CLE662Ozzie Newsome
33%
NYJ627Don Maynard
30%
PHI589Harold Carmichael
22%
CHI492Walter Payton
11%
TEN542Ernest Givens
7%

Score Distribution

Percentile by Number Answered

Percent of People with Each Score

Your Score History

You have not taken this quiz